000 00549nam a2200217Ia 4500
003 OSt
005 20220928143237.0
006 a|||||r|||| 00| 0
007 ta
008 220927b |||||||| |||| 00| 0 eng d
024 _a21473
037 _cTextual
040 _aSDCL
_cSDCL
_beng
041 _2eng
_aeng
082 _aB75:3, K5.1-.2
100 _aGoldstein S
_9504942
245 0 _aModern development in fluid dynamics.2V.
260 _c1965
942 _hB75:3, K5.1-.2
_cTEXL
_2CC
999 _c823512
_d823512